La declaración de la independencia argentina : Antecedentes, el acta histórica y los hombres del congreso de Tucumán (Record no. 1313)
[ view plain ]
| 000 -CABECERA | |
|---|---|
| campo de control de longitud fija | 00466cam a22001332a 4500 |
| 001 - NÚMERO DE CONTROL | |
| campo de control | 000589 |
| 003 - IDENTIFICADOR DEL NÚMERO DE CONTROL | |
| campo de control | AR-FADEU |
| 008 - DATOS DE LONGITUD FIJA--INFORMACIÓN GENERAL | |
| campo de control de longitud fija | 311216n1966####xxu####################dd |
| 100 ## - ENTRADA PRINCIPAL--NOMBRE DE PERSONA | |
| Nombre de persona | Caja de ahorro postal |
| 245 ## - MENCIÓN DE TÍTULO | |
| Título | La declaración de la independencia argentina : Antecedentes, el acta histórica y los hombres del congreso de Tucumán |
| 260 ## - PUBLICACIÓN, DISTRIBUCIÓN, ETC. (PIE DE IMPRENTA) | |
| Fecha de publicación, distribución, etc. | 1966 |
| 650 ## - PUNTO DE ACCESO ADICIONAL DE MATERIA--TÉRMINO DE MATERIA | |
| Término de materia o nombre geográfico como elemento inicial | INDEPENDENCIA-ARGENTINA; HISTORIA NACIONAL; CONGRESO DE TUCUMAN; BIBLIOGRAFIAS |
| 942 ## - ELEMENTOS DE PUNTO DE ACCESO ADICIONAL (KOHA) | |
| Tipo de ítem Koha | FOLLETO |
| Estado de retiro | Estado de pérdida | Estado dañado | No para préstamo | Localización permanente | Ubicación/localización actual | Fecha de adquisición | Número de inventario | Total de préstamos | Código de barras | Fecha visto por última vez | Precio válido a partir de | Tipo de ítem Koha |
|---|---|---|---|---|---|---|---|---|---|---|---|---|
| Biblioteca Ernesto Sabato - FADECS - UNCOMA | Biblioteca Ernesto Sabato - FADECS - UNCOMA | 06/02/2017 | F513 | F513 | 06/02/2017 | 06/02/2017 | FOLLETO |